| 000 | 00804nam a22002297a 4500 | ||
|---|---|---|---|
| 999 |
_c4311 _d4311 |
||
| 003 | AR-CdUCM | ||
| 008 | 190308b ||||| |||| 00| 0 spa d | ||
| 040 |
_aMUNICIPALIDAD PROVINCIAL DEL CUSCO _cBIBLIOTECA MUNICIPAL DEL CUSCO |
||
| 082 |
_a779.951 / _bCH11 |
||
| 110 |
_aMinisterio de agricultura de la república popular China _913622 |
||
| 245 | _aLa comuna popular / | ||
| 260 |
_aPekin : _bLengua extranjera, _c1960. |
||
| 300 |
_a158 paginas ; _bFotografías, _c27 cm. |
||
| 500 | _aDonación de la familia Nieto | ||
| 505 | _aFotografías de la agricultura de la república popular China. | ||
| 650 |
_aÁlbum de fotografías _913623 |
||
| 650 |
_aAgricultura _9320 |
||
| 650 |
_aRepública popular China _913624 |
||
| 650 |
_aSociedad comunista _913625 |
||
| 942 |
_2ddc _cLIBROS |
||
| 945 | _aacv | ||